00433nam a2200109Ia 4500008004100000100002500041245009800066260006900164300001100233650001100244856006800255160712s9999 xx 000 0 und d aDe Castro, Nimruz A. cNimruz A. De Castroadeath and his strangely moist and sand-papey tongue by n.o. sonnenschein c2013bLikhaan: The Journal of Contemporary Philippine Literature avol. 7 xPOETRY uhttp://journals.upd.edu.ph/index.php/lik/issue/view/537/showToc